Microsoft Word Shortcuts Quiz Stats

Quiz Updated Oct 18, 2016

Challenge
Share
Tweet
Embed
Score 0/25 Timer 02:00
3 Plays Today
Ctrl + Command % Correct
CCopy
93.9%
VPaste
90.5%
XCut
76.8%
BBold
73.4%
SSave
69.5%
IItalic
67.4%
PPrint
67.3%
ZUndo
66.5%
ASelect All
64.1%
UUnderline
62.5%
OOpen
56.4%
YRedo
55.1%
FFind
51.1%
Ctrl + Command % Correct
NNew Document
48.5%
WExit
42.8%
DFont
31.7%
LLeft
30.6%
ECenter
30.6%
RRight
30.1%
HReplace
26.7%
TLeft Indent
23.1%
MFirst Line Indent
23%
JJustify
22.5%
GGo To
20.4%
KInsert Hyperlink
19.1%

You're not logged in!

Compare scores with friends on all Sporcle quizzes.
Join for Free
OR
Log In

You Might Also Like...

Show Comments

Extras

Top Quizzes Today


Score Distribution

Your Account Isn't Verified!

In order to create a playlist on Sporcle, you need to verify the email address you used during registration. Go to your Sporcle Settings to finish the process.

Report this User

Report this user for behavior that violates our Community Guidelines.

Details: